00764nam a22002177a 4500003000500000005001700005008004100022010001100063011001100074035001100085040000900096111007900105245017400184260003400358300001900392490003200411650002000443650003000463650002300493830003000516CHAP20220817044455.0110823d1969 mx r 00010 spa d a101913 a102885 a113574 cCHAP00aCongreso Internacional de Riego y Drenaje (n7d: 1969c: México, D. F.)13aEl plan Chontalpa Tabasco, Méx. :bejemplo de reforma agraria integral en zonas tropicales, comisión del Grijalvac/por VII Congreso Internacional de Riego y Drenaje aMéxico, D.F. :bSARH,c1969 a28 p. :bilus. 0aMemorándum técnicov27514aPlan Chontalpa.14aReforma agrariaxTabasco.14aSuelos tropicales. 0aMemorandum técnicov275